Composite Materials : Science and Engineering /

Salvato in:
Dettagli Bibliografici
Autore principale: Chawla, Krishan Kumar (Autore)
Natura: Libro
Lingua:inglese
Pubblicazione: New York : Springer Verlag, 1987
Soggetti:
Tags: Aggiungi Tag
Nessun Tag, puoi essere il primo ad aggiungerne!!

MARC

LEADER 00000nam a22000003a 4500
001 stu44559
005 20150617225718.9
008 950424s1987----xxu-----------------eng-d
020 |a 0-387-96478-9 
040 |a STU  |b slo 
041 0 |a eng 
044 |a xxu 
080 |a 669.2/.8 
100 1 |a Chawla, Krishan Kumar  |4 aut 
245 1 |a Composite Materials :  |b Science and Engineering /  |c [aut.]Krishan K. Chawla 
260 |a New York :  |b Springer Verlag,  |c 1987 
300 |a 292 s 
650 7 |a materiály kompozitné  |2 stusub 
996 |b 284M056212  |c M*9076-1  |l MMKN  |s A  |a 24  |w stu44559_0001